2Hype Members - Statistics

General Stats
  • This quiz has been taken 5,040 times
  • The average score is 7 of 8
Answer Stats
Subscriber Count Name % Correct
1,303,080 Jesser
99%
2,018,639 CashNasty
93%
162,453 Mopi
92%
1,314,736 LSK
91%
156,365 TTG (Zack)
81%
639,610 TDpresents
78%
115,567 LosPollosTV
73%
127,042 50KalMal (Malcolm)
61%
No matching quizzes found
Score Distribution
Percent of People with Each Score
Percentile by Number Answered
Your Score History
You have not taken this quiz